Peranan, mobilisasi dana dan pembiayaan kredit perusahaan kecil dan sederhana di Indonesia /
محفوظ في:
| المؤلف الرئيسي: | |
|---|---|
| التنسيق: | أطروحة كتاب |
| اللغة: | Malay |
| منشور في: |
2005.
|
| الموضوعات: | |
| الوسوم: |
إضافة وسم
لا توجد وسوم, كن أول من يضع وسما على هذه التسجيلة!
|
| LEADER | 01375cam a2200265 4500 | ||
|---|---|---|---|
| 001 | u717525 | ||
| 003 | SIRSI | ||
| 008 | 060123s2005 my a 000 0 may m | ||
| 040 | |a UME |d UMM | ||
| 043 | |a a-io-- | ||
| 090 | |a HB71 |b UM 2005 Muh | ||
| 099 | |a HB71 |b UM 2005 Muhrgl | ||
| 100 | 0 | 0 | |a Muhammad Riyadh Ghozali Lubis |
| 245 | 1 | 0 | |a Peranan, mobilisasi dana dan pembiayaan kredit perusahaan kecil dan sederhana di Indonesia / |c Muhammad Riyadh Ghozali Lubis. |
| 260 | |c 2005. | ||
| 300 | |a xii, 131 leaves : |b ill. ; |c 30 cm. | ||
| 502 | |a Dissertation (M.Ec.) -- Fakulti Ekonomi dan Pentadbiran, Universiti Malaya, 2005. | ||
| 504 | |a Bibliography: leaves 127 - 131. | ||
| 590 | |a Tesis dikeluarkan - rujuk surat dari Fakulti Ekonomi & Pentadbiran UM.E/IT/635 bertarikh 6 Mac 2008. | ||
| 650 | 0 | |a Small business |x Economic aspects |z Indonesia. | |
| 710 | 2 | 0 | |a Universiti Malaya. |b Fakulti Ekonomi dan Pentadbiran. |
| 856 | |f IARC:A511957225 |z Click Here for Abstract and Table of Contents | ||
| 596 | |a 1 9 | ||
| 999 | |a HB71 UM 2005 MUHRGL |w LC |c 1 |i A512513327 |d 9/2/2006 |f 9/2/2006 |g 1 |l STACKS |m P09EKONOMI |r Y |s Y |t TESIS |u 9/2/2006 |o .STAFF. Rujuk Surat UM.E/IT/635 (Surat Fakulti Ekonomi dan Pentadbiran) | ||
| 999 | |a HB71 UM 2005 MUH |w LC |c 1 |i A512500091 |d 31/3/2006 |f 31/3/2006 |g 1 |l STACKS |m P01UTAMA |r Y |s Y |t TESIS |u 30/3/2006 |o .STAFF. Rujuk Surat UM.E/IT/635 (Surat Fakulti Ekonomi dan Pentadbiran) | ||
